यशवंतराव खरे (Record no. 449454)

MARC details
000 -LEADER
fixed length control field 00482nam a2200145Ia 4500
008 - FIXED-LENGTH DATA ELEMENTS--GENERAL INFORMATION
fixed length control field 100204s9999 xx 000 0 und d
082 ## - DEWEY DECIMAL CLASSIFICATION NUMBER
Item number 4765
100 ## - MAIN ENTRY--PERSONAL NAME
Personal name आपटे हरि नारायण
245 ## - TITLE STATEMENT
Title यशवंतराव खरे
260 ## - PUBLICATION, DISTRIBUTION, ETC. (IMPRINT)
Name of publisher, distributor, etc "रम्यकथा प्रकाशन , पुणे"
Date of publication, distribution, etc 1973 6
300 ## - PHYSICAL DESCRIPTION
Extent 404
630 ## - SUBJECT ADDED ENTRY--UNIFORM TITLE
Uniform title यशवंतराव खरे
730 ## - ADDED ENTRY--UNIFORM TITLE
Uniform title यशवंतराव खरे
942 ## - ADDED ENTRY ELEMENTS (KOHA)
Koha item type Book
Holdings
Withdrawn status Lost status Damaged status Not for loan Home library Current library Date acquired Cost, normal purchase price Total Checkouts Full call number Barcode Date last seen Cost, replacement price Price effective from Koha item type
        N. C. Kelkar Sarvajanik Library, Mulund N. C. Kelkar Sarvajanik Library, Mulund 02/04/2010 14.00   4765 NCKMULUND-4765 02/04/2010 14.00 02/04/2010 Book